00986nab a22001937a 4500003000400000005001700004008004100021040000700062100003500069245015800104260007200262300001000334500003800344505015600382505008900538650002000627650001300647773013200660OSt20251231173130.0190605e xxu||||| |||| 00| 0 spa d cPJ aGarcía López, Martín A. 13aEl obrero futbolista. Generalidades y particularidades de la relación laboral de los jugadores de fútbol profesional /cMartín A. García López. aCiudad Autónoma de Buenos Aires :bThomson Reuters La Ley,c2023. ap. 24 aCita: TR LALEY AR/DOC/937/2023.  aSumario: I. Introducción.— II. Sujetos de la relación laboral.— III. La relación laboral.— IV. Una lógica invertida.— V. Conclusión.  t¿Te interesa el texto completo? Solicitalo al correo: koha@justierradelfuego.gov.ar 0aDERECHO LABORAL 0aDEPORTES0 02711dCiudad Autónoma de Buenos Aires : Thomson Reuters La Ley, 1999-2002.tRevista de derecho del trabajo. Nº 3 - Mayo 2023